Quiz o Szymonie Apostole - Statystyki

Ogólne statystyki
  • Ten quiz został rozwiązany 10 razy
  • Średni wynik to 3 z 8
Statystyki odpowiedzi
Wskazówka Odpowiedź % Poprawnych
“Pójdź za mną, a uczynię cię rybakiem ludzi” Kto wypowiedział te słowa w stosunku do Szymona? Jezus Chrystus
100%
Zawód, który wykonywał przed tym jak został Apostołem rybak
75%
Z tym apostołem udał się w podróż by głosić Ewangelię Juda Tadeusz
50%
Nazwa starożytnego państwa, w którym prawdopodobnie został zabity Persja
38%
Prawdopodobnie należał on do tej grupy polityczno-religijnej Zeloci
25%
Dzień wspomnienia 28 października
13%
Mateusz oraz Marek nadali mu ten przydomek w swoich Ewangeliach Kananejczyk
13%
Jeden z najważniejszych atrybutów piła/księga
13%
Nie znaleziono quizów pasujących do podanych kryteriów
Rozkład punktacji
Procent ludzi z każdym wynikiem
Percentyl według liczby udzielonych odpowiedzi
Twoja historia wyników
Nie rozwiązałeś tego quizu